00932nam a22002297a 4500999001500000001000600015003000900021005001700030008004100047020001600088040003800104082002300142100002800165245013700193250001200330260004900342300002400391650003300415942001200448952012100460952012100581 c1668d166814612BD-DhUAP20200211151842.0200211s2007 bg ||||| |||| 00| 0 eng d a98484660123 aBD-DhUAPbEngcBD-DhUAPdBD-DhUAP 223a347.549205 KAR a Karim, Mohammad Abdul. aLecture on the code of civil procedure-1908 :bwith explanation, up to-date case laws and latest amendments /cMohammad Abdul Karim. a1st ed. aDhaka :bNew warsi book corporation,cc2007. a143 pages ;c21 cm. aCivil procedurezBangladesh. 2ddccBK 00102ddc4070aUAPCLbUAPCLcGeneral Stacksd2020-02-11o347.549205 KARp3010014612r2020-02-11t1w2020-02-11yBK 00102ddc4070aUAPCLbUAPCLcGeneral Stacksd2020-02-11o347.549205 KARp3010014594r2020-02-12t2w2020-02-11yBK